Tilastot visalle Egypti-visa

Klikkaa tästä pelataksesi tätä visaa!

Yleistilastot

  • Tätä visaa on pelattu 474 kertaa
  • Keskiarvotulos 13 / 25

Vastaustilastot

KysymysVastaus% Oikein
Mikä on Egyptin pääkaupunki?Kairo
96%
Minkä joen varrella suurin osa egyptiläisistä asuu?Niili
95%
Mikä on Egyptin virallinen kieli?Arabia
86%
Minkä niminen kanava yhdistää Välimeren ja Punaisenmeren?Suezin kanava
81%
Mikä oli muinaisen Egyptin hallitsijoiden arvonimi?Faarao
75%
Millä kuuluisalla nähtävyydellä on leijonan keho ja ihmisen pää?Gizan sfinksi
70%
Kuka naispuolinen hallitsija oli sekä Julius Caesarin että Marcus Antoniuksen rakastaja?Kleopatra
70%
Missä kaupungissa Suuri pyramidi sijaitsee?Giza
66%
Minkä paperinkaltaisen materiaalin muinaiset egyptiläiset keksivät?Papyrus
63%
Mitä symboleihin perustuvaa kirjoitusjärjestelmää käytettiin muinaisessa Egyptissä?Hieroglyfit
60%
Mikä on Egyptin toiseksi suurin kaupunki?Aleksandria
59%
Kuka oli muinaisen Egyptin auringonjumala?Ra
58%
Kenen teinihallitsijan hauta löydettiin vuonna 1922?Tutankhamon
51%
Minkä Egyptin niemimaan Israel valtasi vuonna 1967 ja palautti vuonna 1982?Siinain niemimaa
47%
Missä kaupungissa sijaitsee samanniminen temppeli ja Kuninkaiden laakso?Luxor
38%
Millä muinaisen Egyptin pääkaupungilla on sama nimi kuin
Tennesseessä sijaitsevalla suurella kaupungilla?
Memphis
34%
Kuka muinainen jumalatar nähtiin ihanteellisena äitinä?Isis
32%
Mikä on Egyptin kristityn etnisen ryhmän nimi?Koptilaiset
32%
Mikä suuri yllä olevaan jokeen rakennettu pato valmistui vuonna 1970?Assuanin pato
31%
Kuka "suuri" hallitsija johti Egyptiä 66 vuoden ajan vuodesta 1279 eaa. lähtien?Ramses II
31%
Mikä vuonna 1799 löydetty kivi mahdollisti noiden symbolien ratkaisemiseksi?{Rosettan} kivi
28%
Kuka pitkäaikainen presidentti syrjäytettiin näiden protestien seurauksena?Hosni Mubarak
25%
Missä oli suurimmat arabikevään protestit vuonna 2011?{Tahririn} aukio
16%
Kuka rauhaatekevä presidentti salamurhattiin vuonna 1981?Anwar Sadat
15%
Ketä muinaista egyptiläistä on kutsuttu historian ensimmäiseksi arkkitehdiksi ja lääkäriksi?Imhotep
12%

Tulosjakauma

Persentiili vastausten määrän mukaan

Jokaisen tuloksen saaneiden osuus

Tuloshistoriasi

Et ole pelannut tätä visaa